000 00623nam a22001937a 4500
003 OSt
005 20151030145729.0
008 131119b2007 slv spa
020 _a978-84-612-0209-6
040 _cBCRI
_aBCRI
082 _a972.84
100 1 _99381
_aGarcía Curado, Anselmo J.
245 1 0 _aEl Salvador, país cabal
_ctextos, Anselmo J. García Curado ; fotografía, José Enrique Molina
260 _aLa Libertad (El Salvador)
_bLa Ceiba
_c2008
300 _a270 p.
_bil.
_c32 cm
651 4 _99298
_aEl Salvador
_xDescripción
700 1 _99643
_aMolina, José Enrique
942 _2ddc
_cBK
_hprozim
999 _c4338
_d4338